Magnitud desconocida de la agresión norteamericana contra Panamá /
Análisis de la intervención estadounidense en Panamá. Este país está supeditado a las decisiones hegemónicas de los Estados Unidos, en cuanto a sus asuntos de orden económico, político y nilitar. De tal manera, se da una total dependencia del sistema monetario panameño respecto del dólar de Estados...
Збережено в:
| Автор: | |
|---|---|
| Формат: | Текст |
| Предмети: | |
| Теги: |
Додати тег
Немає тегів, Будьте першим, хто поставить тег для цього запису!
|
MARC
| LEADER | 00000 a a2200000 04500 | ||
|---|---|---|---|
| 001 | 12752 | ||
| 003 | |||
| 040 | |||
| 100 | |a Gómez Pérez, José A. | ||
| 245 | |a Magnitud desconocida de la agresión norteamericana contra Panamá / |c José A. Gómez Pérez | ||
| 520 | |a Análisis de la intervención estadounidense en Panamá. Este país está supeditado a las decisiones hegemónicas de los Estados Unidos, en cuanto a sus asuntos de orden económico, político y nilitar. De tal manera, se da una total dependencia del sistema monetario panameño respecto del dólar de Estados Unidos, a tal punto de que éste es el único papel-moneda de forzada aceptación. Así, Panamá no es sólo dependiente, sino que también sumamente vulnerable. SM/eb | ||
| 650 | |a INTERVENCION EXTRANJERA | ||
| 650 | |a DEPENDENCIA | ||
| 650 | |a HEGEMONIA | ||
| 650 | |a POLITICA ECONOMICA | ||
| 773 | |g número 5; páginas 47-52 | ||
| 999 | |c 32509 |d 32509 | ||
